[Event "Accession Rochefort 2020"]
[Site "Palais des Congres Rochefort"]
[Date "2020.02.22"]
[Round "6.1"]
[White "Barbotte, Jeanne"]
[Black "Maruejols, Claude"]
[Result "1/2-1/2"]
[WhiteElo "1670"]
[BlackElo "1832"]
[PlyCount "59"]
[EventDate "2020.??.??"]
[WhiteTeam "Echiquier Niortais"]
[BlackTeam "L'Echiquier du Roy RenÃ©"]

1. e4 c5 2. Nf3 d6 3. Bb5+ Nc6 4. O-O Bd7 5. c3 Nf6 6. Re1 a6 7. Bf1 Bg4 8. d3
e6 9. Nbd2 Be7 10. Be2 d5 11. exd5 Nxd5 12. Ne4 h6 13. d4 cxd4 14. Nxd4 Bxe2
15. Rxe2 Qc7 16. Qa4 Nb6 17. Qb3 Nxd4 18. cxd4 Rc8 19. Bd2 Nd5 20. Nc3 Rd8 21.
Rc1 Qb8 22. Qa4+ Kf8 23. Nxd5 Rxd5 24. Be3 g6 25. g3 Kg7 26. Rec2 Rhd8 27. Bf4
Bd6 28. Be3 Be7 29. Bf4 Bd6 30. Be3 1/2-1/2

[Event "Accession Rochefort 2020"]
[Site "Palais des Congres Rochefort"]
[Date "2020.02.22"]
[Round "6.2"]
[White "Grandmougin, Olivier"]
[Black "Garrigue, Julian"]
[Result "1/2-1/2"]
[WhiteElo "1893"]
[BlackElo "1734"]
[PlyCount "35"]
[EventDate "2020.??.??"]
[WhiteTeam "Echiquier Commingeois"]
[BlackTeam "Marseille-Echecs"]

1. e4 e5 2. Nf3 Nf6 3. Nxe5 d6 4. Nf3 Nxe4 5. d3 Nf6 6. d4 d5 7. Bd3 Bd6 8. O-O
O-O 9. Bg5 Bg4 10. Nbd2 Nbd7 11. c3 c6 12. Qc2 Qc7 13. Bf5 h6 14. Bxf6 Nxf6 15.
Rae1 Rfe8 16. h3 Bxf5 17. Qxf5 Qb6 18. b3 1/2-1/2

[Event "Accession Rochefort 2020"]
[Site "Palais des Congres Rochefort"]
[Date "2020.02.22"]
[Round "6.3"]
[White "Constantin, Francois"]
[Black "Moulin, Vincent"]
[Result "1/2-1/2"]
[WhiteElo "1854"]
[BlackElo "1824"]
[PlyCount "88"]
[EventDate "2020.??.??"]
[WhiteTeam "Echiquier VÃ©sulien"]
[BlackTeam "Le Cavalier Fou Melun"]

1. c4 c5 2. e4 e5 3. d3 d6 4. f4 g6 5. Nf3 Bg7 6. Nc3 Nc6 7. Be2 Nge7 8. O-O
O-O 9. fxe5 Nxe5 10. Bg5 Nxf3+ 11. Bxf3 h6 12. Be3 Nc6 13. Qd2 Kh7 14. Ne2 Ne5
15. Rac1 Qh4 16. g3 Nxf3+ 17. Rxf3 Qh5 18. Rcf1 Bg4 19. R3f2 g5 20. Nc3 Bh3 21.
Re1 f5 22. exf5 Rxf5 23. Rxf5 Bxf5 24. Nd5 Re8 25. Rf1 Qg6 26. d4 Bd3 27. Re1
cxd4 28. Bf2 Rxe1+ 29. Qxe1 Bxc4 30. Ne7 Qe6 31. Qc1 Bf6 32. b3 Bd3 33. Nc8 Be4
34. Qc7+ Kg6 35. Nxd6 Be5 36. Qc4 Qxd6 37. Qg8+ Bg7 38. Qe8+ Kf5 39. g4+ Kxg4
40. Qxe4+ Kh5 41. Qe8+ Qg6 42. Qe2+ g4 43. Qb5+ Qg5 44. Qe8+ Qg6 1/2-1/2

[Event "Accession Rochefort 2020"]
[Site "Palais des Congres Rochefort"]
[Date "2020.02.22"]
[Round "6.5"]
[White "Pascal, Jonathan"]
[Black "Gicquiaud, Karl"]
[Result "1-0"]
[WhiteElo "1802"]
[BlackElo "1871"]
[PlyCount "41"]
[EventDate "2020.??.??"]
[WhiteTeam "Echiquier Niortais"]
[BlackTeam "FFCI Hoenheim"]

1. e4 d5 2. exd5 Nf6 3. Bb5+ Nbd7 4. Nc3 a6 5. Be2 Nb6 6. Nf3 Bg4 7. O-O Nbxd5
8. Nxd5 Qxd5 9. c4 Qd8 10. d4 e6 11. Qa4+ c6 12. Bg5 Be7 13. Bxf6 Bxf6 14. d5
exd5 15. cxd5 Bd7 16. Qb4 Qc8 17. Rfe1 c5 18. Bd3+ Kf8 19. Qb6 Bd8 20. Qd6+ Kg8
21. Bf5 1-0

[Event "Accession Rochefort 2020"]
[Site "Palais des Congres Rochefort"]
[Date "2020.02.22"]
[Round "6.6"]
[White "Villeneuve, Samuel"]
[Black "Boursier, Xavier"]
[Result "1-0"]
[WhiteElo "1783"]
[BlackElo "1847"]
[PlyCount "101"]
[EventDate "2020.??.??"]
[WhiteTeam "MJC Gaillac"]
[BlackTeam "Aile Roi Louviers"]

1. d4 d5 2. Nc3 e6 3. Bf4 c6 4. e3 f5 5. Nf3 Nf6 6. Be2 Be7 7. h3 Ne4 8. Nxe4
fxe4 9. Ne5 O-O 10. Qd2 Bg5 11. Bg3 Nd7 12. O-O Bf6 13. Nxd7 Bxd7 14. f3 exf3
15. Bxf3 Qb6 16. c3 Rae8 17. Bg4 Qd8 18. e4 dxe4 19. Be5 Bxe5 20. dxe5 Bc8 21.
Rxf8+ Rxf8 22. Rd1 Qd5 23. Qg5 Qc5+ 24. Kh1 h6 25. Qh4 Kh7 26. Qg3 Qb5 27. Bh5
Rf1+ 28. Kh2 g5 29. h4 Rxd1 30. Bxd1 Qf1 31. Bc2 Qf5 32. hxg5 hxg5 33. Qh3+ Kg6
34. Qh8 Qf4+ 35. Kg1 Qc1+ 36. Kh2 Qxc2 37. Qf6+ Kh5 38. Qh8+ Kg4 39. Qxc8 Kf5
40. Qh8 Qxb2 41. Qf6+ Kg4 42. Qxe6+ Kf4 43. Qf6+ Kg4 44. e6 Qd2 45. e7 Qd7 46.
Qe5 Qe8 47. Qxe4+ Kh5 48. Qe6 b5 49. g3 a5 50. Qf6 Kg4 51. Kg2 1-0

[Event "Accession Rochefort 2020"]
[Site "Palais des Congres Rochefort"]
[Date "2020.02.22"]
[Round "7.1"]
[White "Maruejols, Claude"]
[Black "Grandmougin, Olivier"]
[Result "1-0"]
[WhiteElo "1832"]
[BlackElo "1893"]
[PlyCount "31"]
[EventDate "2020.??.??"]
[WhiteTeam "L'Echiquier du Roy RenÃ©"]
[BlackTeam "Echiquier Commingeois"]

1. d4 Nf6 2. c4 e6 3. Nc3 Bb4 4. e3 O-O 5. Bd3 d5 6. Nf3 c5 7. O-O cxd4 8. exd4
dxc4 9. Bxc4 b6 10. Qe2 Bb7 11. Rd1 Re8 12. Bg5 Nbd7 13. Ne5 Be7 14. Nxf7 Kxf7
15. Qxe6+ Kg6 16. f4 1-0

[Event "Accession Rochefort 2020"]
[Site "Palais des Congres Rochefort"]
[Date "2020.02.22"]
[Round "7.2"]
[White "Moulin, Vincent"]
[Black "Barbotte, Jeanne"]
[Result "0-1"]
[WhiteElo "1824"]
[BlackElo "1670"]
[PlyCount "80"]
[EventDate "2020.??.??"]
[WhiteTeam "Le Cavalier Fou Melun"]
[BlackTeam "Echiquier Niortais"]

1. e4 c5 2. c4 g6 3. Nc3 Bg7 4. g3 Nc6 5. Bg2 e6 6. d3 Nge7 7. Nge2 d6 8. O-O
O-O 9. Be3 Rb8 10. d4 b6 11. Rb1 Bb7 12. a3 Rc8 13. Qd3 cxd4 14. Nxd4 Ne5 15.
Qd1 Nxc4 16. Bg5 h6 17. Bxe7 Qxe7 18. Nce2 Rfd8 19. Re1 d5 20. Qa4 a6 21. exd5
b5 22. Nxb5 axb5 23. Qxb5 Bxd5 24. Bxd5 Rxd5 25. Qa6 Rdc5 26. b4 R5c6 27. Qa4
Nd2 28. Rec1 Rxc1+ 29. Rxc1 Rxc1+ 30. Nxc1 Qb7 31. Nb3 Nf3+ 32. Kg2 Nh4+ 33.
Kf1 Qh1+ 34. Ke2 Qf3+ 35. Kd2 Qxf2+ 36. Kd3 Qf5+ 37. Kd2 Nf3+ 38. Ke3 Ne5 39.
Qa8+ Kh7 40. Qe4 Ng4+ 0-1

[Event "Accession Rochefort 2020"]
[Site "Palais des Congres Rochefort"]
[Date "2020.02.22"]
[Round "7.3"]
[White "Garrigue, Julian"]
[Black "Pascal, Jonathan"]
[Result "1-0"]
[WhiteElo "1734"]
[BlackElo "1802"]
[PlyCount "49"]
[EventDate "2020.??.??"]
[WhiteTeam "Marseille-Echecs"]
[BlackTeam "Echiquier Niortais"]

1. e4 c5 2. Nf3 e6 3. Nc3 a6 4. d4 cxd4 5. Nxd4 Qc7 6. Bd3 Nf6 7. O-O Be7 8.
Be3 O-O 9. f4 d6 10. Qf3 Nc6 11. Qg3 Re8 12. e5 Nd5 13. Nf5 g6 14. Nh6+ Kg7 15.
Nxd5 exd5 16. f5 Nxe5 17. fxg6 fxg6 18. Rae1 Be6 19. Bf5 Bf6 20. Bxe6 Rxe6 21.
Nf5+ Kf7 22. Nd4 Ree8 23. Qh4 Qe7 24. Qxh7+ Kf8 25. Bh6+ 1-0

[Event "Accession Rochefort 2020"]
[Site "Palais des Congres Rochefort"]
[Date "2020.02.22"]
[Round "7.4"]
[White "Giraud, Stephane"]
[Black "Villeneuve, Samuel"]
[Result "0-1"]
[WhiteElo "1943"]
[BlackElo "1783"]
[PlyCount "72"]
[EventDate "2020.??.??"]
[WhiteTeam "Club d'Echecs de Marennes-Oleron"]
[BlackTeam "MJC Gaillac"]

1. e4 c5 2. Nc3 Nc6 3. g3 g6 4. Bg2 Bg7 5. d3 e6 6. Be3 Nd4 7. Nce2 d6 8. c3
Nc6 9. f4 Nge7 10. Nf3 f5 11. O-O O-O 12. Qc2 Bd7 13. Rad1 b5 14. Bf2 Rc8 15.
d4 fxe4 16. Qxe4 d5 17. Qb1 c4 18. Rde1 b4 19. Bh3 Nf5 20. g4 Nd6 21. Nd2 Rb8
22. Qc1 Qa5 23. Bg3 bxc3 24. bxc3 Nb5 25. f5 Rbe8 26. fxg6 hxg6 27. Qc2 Nxc3
28. Rxf8+ Rxf8 29. Qxg6 Nxe2+ 30. Rxe2 Nxd4 31. Rg2 Qxa2 32. Nf1 Qa1 33. Rf2
Rxf2 34. Bxf2 Ne2+ 35. Kh1 Nf4 36. Qg5 Qf6 0-1

[Event "Accession Rochefort 2020"]
[Site "Palais des Congres Rochefort"]
[Date "2020.02.22"]
[Round "7.5"]
[White "Diez, Ambre"]
[Black "Rocq, Christian"]
[Result "1/2-1/2"]
[WhiteElo "1874"]
[BlackElo "1739"]
[PlyCount "132"]
[EventDate "2020.??.??"]
[WhiteTeam "AGJA-Echiquier Aquitaine"]
[BlackTeam "La Rochelle Echecs"]

1. Nf3 Nf6 2. g3 g6 3. Bg2 Bg7 4. O-O O-O 5. c4 d6 6. Nc3 e5 7. d3 Nc6 8. Bd2
h6 9. Rc1 Nh7 10. Nd5 a5 11. e4 Ng5 12. Nxg5 hxg5 13. c5 Be6 14. cxd6 cxd6 15.
Be3 Nd4 16. Bxd4 exd4 17. Nc7 Rb8 18. Nxe6 fxe6 19. Qb3 Qe7 20. Qb6 Qd8 21. Qb3
Qe7 22. Rc4 b5 23. Rc6 a4 24. Qb4 Be5 25. Rfc1 Rb7 26. a3 g4 27. Qd2 Qf6 28.
Rc7 Rbb8 29. R1c2 Rf7 30. Qh6 Rbf8 31. Rxf7 Qxf7 32. Qg5 Rb8 33. Qxg4 Bg7 34.
Bh3 e5 35. Rc8+ Rxc8 36. Qxc8+ Kh7 37. Be6 Qf3 38. Bg8+ Kh6 39. Qh3+ Qh5 40.
Qxh5+ Kxh5 41. Bf7 Bh6 42. Be8 Bc1 43. Bxb5 Bxb2 44. Bxa4 Bxa3 45. Kg2 g5 46.
Be8+ Kh6 47. Kh3 Bc1 48. Kg4 Bd2 49. h4 Bc1 50. hxg5+ Bxg5 51. Kf5 Be3 52. f3
Bd2 53. Ke6 Bb4 54. f4 exf4 55. gxf4 Kg7 56. Kd5 Kf8 57. Bh5 Bd2 58. f5 Ke7 59.
Kxd4 Kf6 60. Kd5 Bf4 61. d4 Bh2 62. Bf3 Bg3 63. Kc6 Bh2 64. e5+ dxe5 65. d5
Kxf5 66. d6 Bg3 1/2-1/2

[Event "Accession Rochefort 2020"]
[Site "Palais des Congres Rochefort"]
[Date "2020.02.22"]
[Round "8.1"]
[White "Villeneuve, Samuel"]
[Black "Maruejols, Claude"]
[Result "1-0"]
[WhiteElo "1783"]
[BlackElo "1832"]
[PlyCount "121"]
[EventDate "2020.??.??"]
[WhiteTeam "MJC Gaillac"]
[BlackTeam "L'Echiquier du Roy RenÃ©"]

1. d4 Nf6 2. Nc3 d5 3. Bf4 g6 4. e3 Bg7 5. h4 c5 6. Nb5 Na6 7. Be2 h6 8. Nf3
O-O 9. Ne5 Nb4 10. c3 Nc6 11. f3 Nd7 12. Nxd7 Bxd7 13. Qd2 a6 14. Na3 e5 15.
dxe5 g5 16. hxg5 hxg5 17. Bg3 Nxe5 18. Qxd5 Qe7 19. O-O-O Be6 20. Qd2 Rfd8 21.
Qc2 Rxd1+ 22. Kxd1 Rd8+ 23. Kc1 c4 24. Bxe5 Bxe5 25. Bxc4 Bg7 26. Qe4 Bxc3 27.
Bxe6 Bd2+ 28. Kb1 Qxe6 29. Qxe6 fxe6 30. Rd1 Kf7 31. Kc2 Ba5 32. Rxd8 Bxd8 33.
Kd3 Kf6 34. Ke4 Bc7 35. Nc2 b5 36. Nb4 a5 37. Nd3 Bd6 38. g4 Bc7 39. f4 Bd6 40.
Ne1 a4 41. Nf3 gxf4 42. exf4 b4 43. b3 axb3 44. axb3 Bc7 45. Nd4 Bd6 46. Nc2
Kg6 47. Ne1 Kf6 48. Nd3 Kg6 49. Kd4 Kf7 50. Kc4 Kg6 51. Kb5 Kf6 52. Kc6 Bf8 53.
Kd7 Kf7 54. Ne5+ Kf6 55. Nc6 Bc5 56. Nd8 e5 57. g5+ Kf5 58. g6 Bf8 59. Ke8 Bh6
60. Kf7 Ke4 61. Nc6 1-0

[Event "Accession Rochefort 2020"]
[Site "Palais des Congres Rochefort"]
[Date "2020.02.22"]
[Round "8.2"]
[White "Barbotte, Jeanne"]
[Black "Garrigue, Julian"]
[Result "1/2-1/2"]
[WhiteElo "1670"]
[BlackElo "1734"]
[PlyCount "82"]
[EventDate "2020.??.??"]
[WhiteTeam "Echiquier Niortais"]
[BlackTeam "Marseille-Echecs"]

1. e4 e5 2. Nf3 Nf6 3. Nxe5 d6 4. Nf3 Nxe4 5. Nc3 Nxc3 6. dxc3 Be7 7. Be3 O-O
8. Qd2 Nd7 9. O-O-O Ne5 10. Nxe5 dxe5 11. Qe2 Bd6 12. Qh5 Be6 13. a3 Qd7 14.
Qh4 f5 15. Bc5 Rac8 16. a4 a6 17. Qb4 Bxc5 18. Qxc5 Qxa4 19. Qxe5 Rfe8 20. Bd3
c5 21. b3 Qa5 22. c4 b5 23. cxb5 axb5 24. Kb2 c4 25. Ra1 Qb6 26. Bxf5 c3+ 27.
Kc1 Bxb3 28. Bxh7+ Kxh7 29. Qh5+ Kg8 30. cxb3 Qxf2 31. Qd5+ Kf8 32. Qf3+ Qxf3
33. gxf3 Re3 34. Ra7 Rxf3 35. Rg1 Rf7 36. Rxf7+ Kxf7 37. Rg5 Rh8 38. Rxb5 Rxh2
39. Rc5 Rh3 40. Kc2 Kf6 41. Rxc3 Rxc3+ 1/2-1/2

[Event "Accession Rochefort 2020"]
[Site "Palais des Congres Rochefort"]
[Date "2020.02.22"]
[Round "8.3"]
[White "Constantin, Francois"]
[Black "Mauviot, Gilles"]
[Result "0-1"]
[WhiteElo "1854"]
[BlackElo "1825"]
[PlyCount "94"]
[EventDate "2020.??.??"]
[WhiteTeam "Echiquier VÃ©sulien"]
[BlackTeam "Echiquier Bordelais"]

1. c4 b6 2. d4 Bb7 3. Nc3 e6 4. a3 f5 5. Nf3 Nf6 6. d5 Be7 7. g3 O-O 8. Bg2 a5
9. O-O Na6 10. Nd4 Nc5 11. Bf4 Qc8 12. Ncb5 d6 13. Nxe6 Nxe6 14. dxe6 Bxg2 15.
Kxg2 Ne4 16. b4 Ng5 17. Bxg5 Bxg5 18. Qd3 Bd8 19. Nd4 Bf6 20. Nc6 Qxe6 21. Rad1
axb4 22. axb4 Ra2 23. e3 Qe4+ 24. Qxe4 fxe4 25. Nd4 Rfa8 26. Nb5 Rc8 27. Rb1
Be5 28. Rfd1 Rf8 29. Rf1 c6 30. Nc7 Kf7 31. b5 d5 32. cxd5 Bxc7 33. bxc6 Rfa8
34. Rfd1 Ke7 35. Rb4 R8a4 36. Rdd4 Rxb4 37. Rxb4 Kd6 38. Rd4 Ra5 39. f3 exf3+
40. Kxf3 Rxd5 41. Rg4 g6 42. e4 Rc5 43. Rf4 Ke7 44. Rh4 h5 45. g4 Rc3+ 46. Kg2
Rc2+ 47. Kg1 Rxh2 0-1

[Event "Accession Rochefort 2020"]
[Site "Palais des Congres Rochefort"]
[Date "2020.02.22"]
[Round "8.5"]
[White "Marsaud, William"]
[Black "Neau, Julien"]
[Result "0-1"]
[WhiteElo "1702"]
[BlackElo "1940"]
[PlyCount "72"]
[EventDate "2020.??.??"]
[WhiteTeam "La Rochelle Echecs"]
[BlackTeam "Echiquier Poitevin"]

1. e4 d6 2. d4 Nf6 3. Nc3 g6 4. f4 Bg7 5. e5 Nfd7 6. Nf3 O-O 7. Bc4 Nb6 8. Bb3
Nc6 9. a3 Bg4 10. Be3 Na5 11. Qe2 Nxb3 12. cxb3 c6 13. O-O f6 14. Rad1 fxe5 15.
dxe5 Qc7 16. exd6 exd6 17. Qd3 d5 18. Rc1 Bxf3 19. Rxf3 Rad8 20. Nb5 Qb8 21.
Nd4 Rde8 22. Re1 c5 23. Ne2 Qd6 24. Kh1 Bxb2 25. Qc2 Bxa3 26. Ra1 Bb4 27. Rxa7
Qe7 28. f5 d4 29. f6 Rxf6 30. Rxb7 Qxb7 31. Rxf6 Rxe3 32. Rxg6+ hxg6 33. Qxg6+
Qg7 34. Qxb6 Rxe2 35. Qd8+ Kh7 36. Qh4+ Qh6 0-1

[Event "Accession Rochefort 2020"]
[Site "Palais des Congres Rochefort"]
[Date "2020.02.22"]
[Round "8.6"]
[White "Pascal, Jonathan"]
[Black "Fruteau, Sabine"]
[Result "1/2-1/2"]
[WhiteElo "1802"]
[BlackElo "1939"]
[PlyCount "128"]
[EventDate "2020.??.??"]
[WhiteTeam "Echiquier Niortais"]
[BlackTeam "Orcher la Tour"]

1. e4 e5 2. Nf3 Nc6 3. Bc4 Bc5 4. O-O Nf6 5. d3 d6 6. c3 O-O 7. h3 Bb6 8. Re1
h6 9. Nbd2 Ne7 10. Nf1 Ng6 11. Ng3 c6 12. Bb3 Be6 13. Bxe6 fxe6 14. d4 exd4 15.
Nxd4 Qd7 16. Be3 d5 17. Qc2 Bxd4 18. Bxd4 Qf7 19. exd5 cxd5 20. Rad1 Nd7 21.
Qd2 b6 22. Be3 Nde5 23. Re2 Nh4 24. Kh1 Nc4 25. Qd4 Nxe3 26. Qxe3 Rae8 27. Kg1
Ng6 28. Red2 Nf4 29. Ne2 Nh5 30. Ng3 Nf6 31. Qe5 Nd7 32. Qe3 h5 33. h4 Qg6 34.
Ne2 Nc5 35. f3 Qf6 36. Rd4 Nb7 37. Rf4 Qg6 38. Rxf8+ Kxf8 39. Nf4 Qf5 40. Nh3
Nd6 41. Qf4 Qxf4 42. Nxf4 Nf5 43. Nxh5 Nxh4 44. Kf2 Ng6 45. Ng3 Rc8 46. Ne2 Kf7
47. f4 Rh8 48. f5 Ne7 49. fxe6+ Kxe6 50. Nd4+ Kd7 51. Re1 Rf8+ 52. Kg3 Rf6 53.
Re2 a6 54. Rf2 Rg6+ 55. Kf3 Kd6 56. Re2 Rf6+ 57. Ke3 Ng6 58. Rf2 Ne5 59. Rxf6+
gxf6 60. b3 a5 61. Kf4 Ke7 62. Nf5+ Ke6 63. Nd4+ Ke7 64. Nf5+ Ke6 1/2-1/2

[Event "Accession Rochefort 2020"]
[Site "Palais des Congres Rochefort"]
[Date "2020.02.22"]
[Round "9.1"]
[White "Villeneuve, Samuel"]
[Black "Barbotte, Jeanne"]
[Result "1-0"]
[WhiteElo "1783"]
[BlackElo "1670"]
[PlyCount "125"]
[EventDate "2020.??.??"]
[WhiteTeam "MJC Gaillac"]
[BlackTeam "Echiquier Niortais"]

1. d4 f5 2. Bg5 g6 3. h4 h6 4. Bf4 Nf6 5. Nf3 d6 6. e3 Nbd7 7. Bc4 Nb6 8. Bb3
Nbd5 9. Nc3 Be6 10. Nxd5 Bxd5 11. c4 Bf7 12. d5 e5 13. dxe6 Bxe6 14. c5 d5 15.
Qd4 Bg7 16. Be5 Qe7 17. Rc1 O-O 18. O-O Rfd8 19. Rfd1 a6 20. c6 b6 21. Rc2 Ne4
22. Bxg7 Qxg7 23. Qxg7+ Kxg7 24. Nd4 Bf7 25. a3 Rd6 26. Ba2 Rad8 27. h5 Kf6 28.
hxg6 Bxg6 29. f3 Ng5 30. Rcd2 Bf7 31. Bb1 Bg6 32. Bd3 Nf7 33. f4 h5 34. Kf2 Nh6
35. Be2 Ng4+ 36. Bxg4 hxg4 37. a4 Be8 38. b4 Rb8 39. b5 a5 40. Rh1 Bg6 41. Rh4
Rdd8 42. Ne2 Bf7 43. Rd4 Rh8 44. Rxh8 Rxh8 45. Nc3 Rd8 46. Kg3 Rd6 47. e4 fxe4
48. Kxg4 Be6+ 49. Kg3 Kf5 50. Nd1 Rd8 51. Ne3+ Kf6 52. Kf2 Ke7 53. g4 Kd6 54.
f5 Bf7 55. Nc4+ Ke7 56. Ne5 Bg8 57. Ke3 Kf6 58. Kf4 Re8 59. g5+ Kg7 60. f6+ Kf8
61. g6 Be6 62. Nd7+ Kg8 63. f7+ 1-0

[Event "Accession Rochefort 2020"]
[Site "Palais des Congres Rochefort"]
[Date "2020.02.22"]
[Round "9.2"]
[White "Maruejols, Claude"]
[Black "Pichon, Ewen"]
[Result "1/2-1/2"]
[WhiteElo "1832"]
[BlackElo "1806"]
[PlyCount "39"]
[EventDate "2020.??.??"]
[WhiteTeam "L'Echiquier du Roy RenÃ©"]
[BlackTeam "Echiquier Club Le Mans"]

1. d4 Nf6 2. c4 c5 3. d5 b5 4. cxb5 a6 5. bxa6 Bxa6 6. Nc3 g6 7. g3 d6 8. Bg2
Bg7 9. Nf3 O-O 10. O-O Nbd7 11. Rb1 Qa5 12. Bd2 Rfb8 13. Re1 Qc7 14. b3 Qa7 15.
Qc2 Ng4 16. h3 Nge5 17. Nxe5 Nxe5 18. Be3 Qc7 19. f4 Nd7 20. Bd2 1/2-1/2

[Event "Accession Rochefort 2020"]
[Site "Palais des Congres Rochefort"]
[Date "2020.02.22"]
[Round "9.3"]
[White "Mauviot, Gilles"]
[Black "Garrigue, Julian"]
[Result "1-0"]
[WhiteElo "1825"]
[BlackElo "1734"]
[PlyCount "75"]
[EventDate "2020.??.??"]
[WhiteTeam "Echiquier Bordelais"]
[BlackTeam "Marseille-Echecs"]

1. d4 Nf6 2. c4 e6 3. Nc3 Bb4 4. a3 Bxc3+ 5. bxc3 c5 6. Qc2 Nc6 7. Nf3 O-O 8.
e4 e5 9. dxe5 Ng4 10. Be2 Ncxe5 11. Nxe5 Nxe5 12. f4 Ng4 13. O-O Qh4 14. h3 Nf6
15. Be3 b6 16. e5 Ne8 17. f5 Bb7 18. Bd3 d6 19. Rf4 Qg3 20. Qd2 h5 21. Be4 Bxe4
22. Rxe4 dxe5 23. Bf2 Rd8 24. Qxd8 Qxc3 25. Qd1 Nd6 26. Be1 Qb2 27. Rb1 Qa2 28.
Qxd6 Qxb1 29. Qxe5 Qc1 30. f6 g6 31. Re3 Qxc4 32. Qg5 Qd4 33. Bc3 Qd1+ 34. Re1
Qxe1+ 35. Bxe1 Kh7 36. Bd2 Rh8 37. Qh6+ Kg8 38. Qg7# 1-0

[Event "Accession Rochefort 2020"]
[Site "Palais des Congres Rochefort"]
[Date "2020.02.22"]
[Round "9.4"]
[White "Neau, Julien"]
[Black "Rocq, Christian"]
[Result "0-1"]
[WhiteElo "1940"]
[BlackElo "1739"]
[PlyCount "100"]
[EventDate "2020.??.??"]
[WhiteTeam "Echiquier Poitevin"]
[BlackTeam "La Rochelle Echecs"]

1. d4 Nf6 2. c4 g6 3. Nc3 Bg7 4. e4 d6 5. Nge2 Nbd7 6. Ng3 h5 7. h4 e5 8. d5
Nh7 9. Be2 a5 10. Be3 Nc5 11. Qd2 Bf6 12. Nf1 Bxh4 13. g3 Bg5 14. f4 exf4 15.
gxf4 Bh4+ 16. Kd1 Bg4 17. Bxg4 hxg4 18. Bd4 Bf6 19. e5 dxe5 20. Bxc5 Qd7 21.
Ne4 Bg7 22. Kc2 f5 23. Ng5 Nxg5 24. Rxh8+ Bxh8 25. fxg5 b6 26. Bg1 O-O-O 27. b3
f4 28. Re1 Qf5+ 29. Qd3 Qxg5 30. Re4 Qf5 31. c5 b5 32. Nd2 Qd7 33. d6 cxd6 34.
cxd6 Qc6+ 35. Nc4 Kb8 36. Kb1 bxc4 37. Rxc4 Rxd6 38. Qc2 Qd7 39. Bc5 Rd1+ 40.
Kb2 Rd2 41. Ba7+ Kxa7 42. Rc7+ Kb6 43. Rxd7 Rxc2+ 44. Kxc2 e4 45. Rd6+ Kc5 46.
Rxg6 g3 47. Kd2 Be5 48. Rg5 Kd4 49. Rg8 Kd5 50. Ke1 f3 0-1

[Event "Accession Rochefort 2020"]
[Site "Palais des Congres Rochefort"]
[Date "2020.02.22"]
[Round "9.5"]
[White "Misslin, Philippe"]
[Black "Grandmougin, Olivier"]
[Result "0-1"]
[WhiteElo "1719"]
[BlackElo "1893"]
[PlyCount "67"]
[EventDate "2020.??.??"]
[WhiteTeam "Echiquier Bordelais"]
[BlackTeam "Echiquier Commingeois"]

1. d4 Nf6 2. Nc3 d5 3. e4 dxe4 4. f3 exf3 5. Nxf3 e6 6. Bg5 Be7 7. Bd3 O-O 8.
O-O Nbd7 9. Qe1 Re8 10. Qh4 Nf8 11. Ne5 c5 12. dxc5 Bxc5+ 13. Kh1 Be7 14. Rf3
Qa5 15. Re1 Bd7 16. Rh3 Bc6 17. Bxh7+ N8xh7 18. Bxf6 Bxf6 19. Qxh7+ Kf8 20. Qh5
Qc7 21. Ng4 Rad8 22. Nxf6 gxf6 23. Qc5+ Qd6 24. Rh8+ Ke7 25. Rxe8+ Kxe8 26. Qf2
Ke7 27. h3 Rg8 28. Ne4 Qe5 29. Qe3 Rd8 30. Qa3+ Ke8 31. Qe3 Rd4 32. Nf2 Qd5 33.
Qg3 Rd2 34. Ne4 0-1